Psicologia (Registro nro. 14523)
[ vista simple ]
| 000 -CABECERA | |
|---|---|
| Longitud fija campo de control | 00923nam a2200205 a 4500 |
| 003 - • IDENTIFICADOR DELl NÚMERO DE CONTROL | |
| Identificador del número de control | CO-ViMGA |
| 008 - • CÓDIGOS DE INFORMACIÓN DE LONGITUD FIJA | |
| Códigos de información de longitud fija | 141112s2004 ck r 000 u spa d |
| 020 ## - • NÚMERO INTERNACIONAL NORMALIZADO PARA LIBROS | |
| Número Internacional Normalizado para Libros (ISBN) | 8479031328 |
| 040 ## - FUENTE DE LA CATALOGACIÓN | |
| Centro catalogador de origen | CO-ViMGA |
| Lengua de catalogación | spa |
| Centro transcriptor | CO-ViMGA |
| 082 04 - • NÚMERO DE LA CLASIFICACIÓN DECIMAL DEWEY | |
| Número de clasificación (R) | 150 M837p |
| 100 1# - • PUNTO DE ACCESO PRINCIPAL-NOMBRE DE PERSONA | |
| Nombre de persona | Myers, David |
| 245 10 - • TITULO PROPIAMENTE DICHO | |
| Título | Psicologia |
| 250 ## - • MENCIÓN DE EDICIÓN | |
| Mención de edición | 3a |
| 300 ## - • DESCRIPCIÓN FÍSICA | |
| Extensión | 655 p : il |
| 505 ## - • NOTA DE CONTENIDO CON FORMATO | |
| Nota de contenido con formato | Introducción a la psicología Raíces biológicas de la conducta El niño en el proceso de desarrollo La adolescencia y la edad adulta La sensación La percepción Estados de conciencia El aprendizaje La memoria El pensamiento y el lenguaje La inteligencia La motivación La emoción La personalidad Transtornos psicológicos La terapia El estres y la salud La Psicológia social La diversidad social Estadistica, indice de nombres, indice analítico |
| 650 14 - • PUNTO DE ACCESO ADICIONAL DE MATERIA - TÉRMINO DE MATERIA | |
| Término de materia o nombre geográfico como elemento inicial | PSICOLOGIA |
| 942 ## - ENTRADA DE ELEMENTOS AGREGADOS (KOHA) | |
| Fuente de clasificaión o esquema | Dewey Decimal Classification |
| Koha [por defecto] tipo de item | LIbro |
| Perdido | Fuente de clasificación o esquema | Estado Físico | No para préstamo | Forma de adquisición | Localización permanente | Localización actual | Fecha adquisición | Serie de enumeración / cronolog&íacute;a | Préstamos totales | Signatura completa | Código de barras | Fecha última consulta | Número de copia | Fecha del precio de reemplazo | Tipo de item de Koha |
|---|---|---|---|---|---|---|---|---|---|---|---|---|---|---|---|
| Dewey Decimal Classification | Sala Especializada Tercer Piso | Biblioteca Pública Germán Arciniegas - Villavicencio | Biblioteca Pública Germán Arciniegas - Villavicencio | 12/04/2015 | Volumen. 1 | 11/jun/2009 | 150 M837p | 05966 | 12/04/2015 | Ej. 1 | 12/04/2015 | LIbro |